00974nas a2200229Ia 4500001001100000003000900011008004100020040001300061040001300074041001300087100004300100210001200143222001200155245010400167250001100271260002200282501008600304300001900390362003000409500026200439650004300701R142/77666IT-RoPAU151124c99999999xx |||||||||||| ||und|| aIT-RoPAU cIT-RoPAU aFRANCESE aVallee AlaingCodice Aut. SPICS: 43409 aRESEAUX aReseaux aRESEAUX, N.040 (MARZO/APRILE 1990)bEtats Pourront-Ils Faire L'Europe Des Telecommunications? (Les) a1a ed. aPARISbCNETc1990 bPaulus - SPICS - Società San Paolo EM (non-commercial uses only)cCopyright2015 a12 p. [93-104] aN.040 (MARZO/APRILE 1990) aStati Possono Fare L'Europa Delle Telecomunicazioni? Liberali e Costruttivisti. Forze Centrifughe: Europa Frammentata e Divesificata Secondo Delle Linee di Divisione Multiple, Relazioni Economiche Internazionali. Forze Centripete: Necessità di Normalizzar aCOMUNICAZIONEvPUBBLICAZIONE PERIODICA